[Event "ESP-ch 75th"]
[Site "Arenal d'en Castell"]
[Date "2011.10.18"]
[Round "4"]
[White "Rodriguez, Daniel Mauricio"]
[Black "Suarez Garcia, Carlos"]
[Result "1/2-1/2"]
[WhiteElo "2428"]
[BlackElo "2254"]
[PlyCount "93"]
[EventDate "2011.10.15"]
[EventType "swiss"]
[EventRounds "9"]
[EventCountry "ESP"]
[SourceTitle "EXT 2012"]
[Source "ChessBase"]
[SourceDate "2011.11.24"]
[SourceVersion "1"]
[SourceVersionDate "2011.11.24"]
[SourceQuality "1"]

1. e4 c5 2. Nf3 e6 3. d3 d5 4. Nbd2 Nc6 5. g3 Nf6 6. Bg2 Be7 7. 0-0 0-0 8. Re1 b5 9. e5 Nd7 10. c4 bxc4 11. dxc4 Nb6 12. cxd5 exd5 13. Nf1 Be6 14. h4 h6 15. Bf4 Rc8 16. Qe2 d4 17. b3 Nb4 18. Red1 N6d5 19. Bd2 Bf5 20. Bxb4 Nxb4 21. Ne1 Nd5 22. Rac1 Be6 23. Rd2 Qa5 24. Bxd5 Bxd5 25. Ne3 dxe3 26. Rxd5 exf2+ 27. Kxf2 Rfd8 28. Rcd1 Rxd5 29. Rxd5 Rd8 30. Rxd8+ Qxd8 31. Nf3 Qd5 32. Qd2 Qe6 33. Qf4 Qa6 34. a4 Qd3 35. Qc4 Qd7 36. a5 Qc7 37. a6 Qc6 38. g4 Qd7 39. Kg3 Qc6 40. Kf4 Bf8 41. h5 Be7 42. Kg3 Qb6 43. Kf2 Qc6 44. Ke3 Bg5+ 45. Ke2 Be7 46. Ne1 Qh1 47. Nf3 1/2-1/2

[Event "Bogota McGregor op 1st"]
[Site "Bogota"]
[Date "2010.12.06"]
[Round "6"]
[White "Quintero, Raul"]
[Black "Rodriguez, Daniel Mauricio"]
[Result "0-1"]
[WhiteElo "2071"]
[BlackElo "2445"]
[PlyCount "96"]
[EventDate "2010.12.03"]
[EventType "swiss"]
[EventRounds "10"]
[EventCountry "COL"]
[SourceTitle "CBM 139 Extra"]
[Source "ChessBase"]
[SourceDate "2011.01.05"]
[SourceVersion "1"]
[SourceVersionDate "2011.01.05"]
[SourceQuality "1"]

1. Nf3 d5 2. b3 Bf5 3. Bb2 e6 4. e3 Nd7 5. Be2 Ngf6 6. d4 Bd6 7. Nbd2 0-0 8. 0-0 c5 9. c4 Rc8 10. Re1 h6 11. a3 Qe7 12. Nh4 Bh7 13. g3 e5 14. dxc5 Nxc5 15. b4 Nd3 16. Bxd3 Bxd3 17. c5 Bc7 18. Qb3 Bh7 19. Rac1 Rcd8 20. a4 Qe6 21. f3 Qh3 22. Re2 d4 23. Ng2 dxe3 24. Qxe3 Rd3 25. Qf2 Rfd8 26. Ne1 R3d5 27. Nf1 Qe6 28. Ne3 R5d7 29. Bc3 Qb3 30. a5 Qa3 31. Rb2 Bd3 32. Nxd3 Rxd3 33. Nc4 Qa4 34. Bxe5 Bxe5 35. Nxe5 Rd1+ 36. Rxd1 Rxd1+ 37. Kg2 Qa1 38. c6 bxc6 39. Nxc6 a6 40. Rc2 Nd5 41. Qe2 Qf6 42. Kf2 Rh1 43. Kg2 Qa1 44. Ne7+ Nxe7 45. Qxa6 Rg1+ 46. Kh3 g6 47. Qa8+ Kg7 48. Qe4 Qf1+ 0-1

[Event "Bogota McGregor op 1st"]
[Site "Bogota"]
[Date "2010.12.05"]
[Round "5"]
[White "Rodriguez, Daniel Mauricio"]
[Black "Perez Olarte, Cesar Camilo"]
[Result "0-1"]
[WhiteElo "2445"]
[BlackElo "2164"]
[PlyCount "77"]
[EventDate "2010.12.03"]
[EventType "swiss"]
[EventRounds "10"]
[EventCountry "COL"]
[SourceTitle "CBM 139 Extra"]
[Source "ChessBase"]
[SourceDate "2011.01.05"]
[SourceVersion "1"]
[SourceVersionDate "2011.01.05"]
[SourceQuality "1"]

1. d4 Nf6 2. h3 e6 3. Nf3 b6 4. Bf4 Bb7 5. e3 Bd6 6. Be2 0-0 7. 0-0 Bxf4 8. exf4 d6 9. Re1 Nbd7 10. c4 d5 11. Nbd2 c5 12. Nb3 Rc8 13. Rc1 dxc4 14. Bxc4 Nd5 15. g3 N7f6 16. Ne5 cxd4 17. Nxd4 g6 18. a3 a6 19. Ndf3 b5 20. Bf1 Rxc1 21. Qxc1 Qb6 22. b4 Ne7 23. Bg2 Rc8 24. Qb2 Bxf3 25. Bxf3 Nf5 26. Kf1 Nd4 27. Rc1 Rxc1+ 28. Qxc1 Nxf3 29. Nxf3 Qb7 30. Ke2 Qe4+ 31. Qe3 Qc2+ 32. Nd2 Nd5 33. Qd4 Qc1 34. Qd3 Nc3+ 35. Kf3 Qh1+ 36. Ke3 Nd5+ 37. Kd4 Qe1 38. Ne4 f5 39. f3 0-1

[Event "Merlo U20"]
[Site "Merlo"]
[Date "1990.??.??"]
[Round "7"]
[White "Amura, Claudia Noemi"]
[Black "Rodriguez, Daniel Mauricio"]
[Result "1-0"]
[WhiteElo "2285"]
[BlackElo "2445"]
[PlyCount "49"]
[EventDate "1990.07.??"]
[EventType "swiss"]
[EventRounds "9"]
[EventCountry "ARG"]
[SourceTitle "EXT 2000"]
[Source "ChessBase"]
[SourceDate "1999.11.16"]
[SourceVersion "1"]
[SourceVersionDate "1999.11.16"]
[SourceQuality "1"]

1. d4 d5 2. c4 dxc4 3. e4 c5 4. d5 Nf6 5. Nc3 e6 6. Bxc4 exd5 7. exd5 a6 8. a4 Bd6 9. Bg5 0-0 10. Nge2 Bf5 11. h3 Nbd7 12. f4 Qe8 13. g4 Be4 14. 0-0 h6 15. Bh4 Nb6 16. Ba2 c4 17. Bxf6 gxf6 18. Qd4 Bd3 19. Qxb6 Qe7 20. Qf2 Bc5 21. Nd4 Bxf1 22. Kxf1 b5 23. Nf5 Qc7 24. d6 Bxd6 25. Nd5 1-0

[Event "Capablanca Memorial-C"]
[Site "Havana"]
[Date "1990.??.??"]
[Round "?"]
[White "Henao, Raul Fernando"]
[Black "Rodriguez, Daniel Mauricio"]
[Result "1/2-1/2"]
[WhiteElo "2400"]
[BlackElo "2445"]
[PlyCount "35"]
[EventDate "1990.??.??"]
[EventType "tourn"]
[EventRounds "13"]
[EventCountry "CUB"]
[EventCategory "4"]
[SourceTitle "EXT 2000"]
[Source "ChessBase"]
[SourceDate "1999.11.16"]
[SourceVersion "1"]
[SourceVersionDate "1999.11.16"]
[SourceQuality "1"]

1. e4 e6 2. d3 c5 3. Nf3 d6 4. g3 g6 5. Bg2 Bg7 6. 0-0 Nc6 7. Re1 Nge7 8. c3 0-0 9. Nbd2 Rb8 10. a4 a6 11. Nf1 b5 12. axb5 axb5 13. d4 cxd4 14. cxd4 e5 15. dxe5 dxe5 16. Be3 Be6 17. Qc1 Rc8 18. Bc5 1/2-1/2

[Event "Capablanca Memorial-C"]
[Site "Havana"]
[Date "1990.??.??"]
[Round "?"]
[White "Rodriguez, Daniel Mauricio"]
[Black "Andres Mendez, Miguel"]
[Result "1/2-1/2"]
[WhiteElo "2445"]
[BlackElo "2340"]
[PlyCount "29"]
[EventDate "1990.??.??"]
[EventType "tourn"]
[EventRounds "13"]
[EventCountry "CUB"]
[EventCategory "4"]
[SourceTitle "EXT 2000"]
[Source "ChessBase"]
[SourceDate "1999.11.16"]
[SourceVersion "1"]
[SourceVersionDate "1999.11.16"]
[SourceQuality "1"]

1. e4 c5 2. Nf3 g6 3. c3 Bg7 4. d4 cxd4 5. cxd4 d5 6. exd5 Nf6 7. Bb5+ Nbd7 8. d6 exd6 9. Qe2+ Qe7 10. Qxe7+ Kxe7 11. 0-0 Nb6 12. Nc3 a6 13. Re1+ Be6 14. Bf1 h6 15. g3 1/2-1/2

[Event "Capablanca Memorial-C"]
[Site "Havana"]
[Date "1990.??.??"]
[Round "?"]
[White "Rodriguez, Daniel Mauricio"]
[Black "Huertas Soris, Ramon Antonio"]
[Result "1-0"]
[WhiteElo "2445"]
[BlackElo "2270"]
[PlyCount "65"]
[EventDate "1990.??.??"]
[EventType "tourn"]
[EventRounds "13"]
[EventCountry "CUB"]
[EventCategory "4"]
[SourceTitle "EXT 2000"]
[Source "ChessBase"]
[SourceDate "1999.11.16"]
[SourceVersion "1"]
[SourceVersionDate "1999.11.16"]
[SourceQuality "1"]

1. e4 e6 2. d4 d5 3. Nd2 Nf6 4. Bd3 c5 5. e5 Nfd7 6. c3 Nc6 7. Ne2 cxd4 8. cxd4 Nb6 9. 0-0 Bd7 10. f4 g6 11. a3 a5 12. b3 Rc8 13. Bb2 h5 14. Rc1 Be7 15. g3 Kf8 16. Nf3 Kg7 17. Nc3 Qf8 18. Nb5 Na8 19. Rc2 Nc7 20. Qc1 Nxb5 21. Bxb5 Nxe5 22. Bxd7 Nxd7 23. Rff2 Nb6 24. a4 Bb4 25. Rxc8 Qxc8 26. Rc2 Qb8 27. Bc3 Qd6 28. Bxb4 Qxb4 29. Rc7 Na8 30. Rd7 Re8 31. Qe3 Re7 32. Qe5+ Kg8 33. Rd8+ 1-0

[Event "Capablanca Memorial-C"]
[Site "Havana"]
[Date "1990.??.??"]
[Round "4"]
[White "Rodriguez, Daniel Mauricio"]
[Black "Navarro Segura, Roberto"]
[Result "0-1"]
[WhiteElo "2445"]
[BlackElo "2370"]
[PlyCount "65"]
[EventDate "1990.??.??"]
[EventType "tourn"]
[EventRounds "13"]
[EventCountry "CUB"]
[EventCategory "4"]
[SourceTitle "EXT 2000"]
[Source "ChessBase"]
[SourceDate "1999.11.16"]
[SourceVersion "1"]
[SourceVersionDate "1999.11.16"]
[SourceQuality "1"]

1. e4 e5 2. Nf3 Nf6 3. Bc4 Nxe4 4. Nc3 Nf6 5. Nxe5 d5 6. Bb3 Be6 7. d4 Nbd7 8. 0-0 c6 9. h3 Qc7 10. f4 g6 11. Be3 h5 12. Bf2 0-0-0 13. Qf3 Bb4 14. Bh4 Rde8 15. Nb1 Ne4 16. c3 Be7 17. Bxe7 Rxe7 18. Bc2 Bf5 19. Qd1 f6 20. Nxd7 Qxd7 21. Nd2 Ng3 22. Rf2 Rhe8 23. Nf1 Ne2+ 24. Kh1 h4 25. Bd3 Ng3+ 26. Nxg3 hxg3 27. Rf3 Bxh3 28. Rxg3 Bf5 29. Kg1 Rh7 30. Qf3 Reh8 31. Kf2 Rh4 32. Re1 Bxd3 33. Qxd3 0-1

[Event "Merlo U20"]
[Site "Merlo"]
[Date "1990.??.??"]
[Round "2"]
[White "Rodriguez, Daniel Mauricio"]
[Black "Rodriguez Vila, Andres"]
[Result "1-0"]
[WhiteElo "2445"]
[BlackElo "2365"]
[PlyCount "99"]
[EventDate "1990.07.??"]
[EventType "swiss"]
[EventRounds "9"]
[EventCountry "ARG"]
[SourceTitle "EXT 2000"]
[Source "ChessBase"]
[SourceDate "1999.11.16"]
[SourceVersion "1"]
[SourceVersionDate "1999.11.16"]
[SourceQuality "1"]

1. Nf3 c5 2. c4 Nc6 3. Nc3 g6 4. g3 Bg7 5. Bg2 e5 6. 0-0 Nge7 7. d3 0-0 8. a3 d6 9. Rb1 a5 10. Nd5 Nxd5 11. cxd5 Ne7 12. Nd2 a4 13. b4 axb3 14. Qxb3 Rb8 15. a4 Bg4 16. e4 h5 17. Nc4 Nc8 18. Bd2 Bf6 19. Na5 Na7 20. Nxb7 Qe7 21. a5 Be2 22. Rfe1 Bxd3 23. Qxd3 Rxb7 24. Rxb7 Qxb7 25. Rb1 Qa8 26. Qa6 Re8 27. Qxd6 Be7 28. Qxe5 Bf8 29. Qf6 Bg7 30. Qa6 Bd4 31. Rb7 c4 32. Rb4 Qc8 33. Qxc4 Bc5 34. Ra4 Qd7 35. Ra1 Rc8 36. Qd3 Nc6 37. Qb5 Qd6 38. Bf4 Qf6 39. Rd1 Ne5 40. Bxe5 Bxf2+ 41. Kh1 Qxe5 42. Rf1 Rb8 43. Qd7 h4 44. Rxf2 Rb1+ 45. Bf1 Qxe4+ 46. Kg1 Rxf1+ 47. Rxf1 Qe3+ 48. Kg2 Qe2+ 49. Rf2 Qe4+ 50. Kh3 1-0

[Event "Saint John op-1"]
[Site "Saint John"]
[Date "1988.??.??"]
[Round "?"]
[White "Ivanov, Igor Vasilievich"]
[Black "Rodriguez, Daniel Mauricio"]
[Result "1/2-1/2"]
[WhiteElo "2505"]
[BlackElo "2465"]
[PlyCount "166"]
[EventDate "1988.01.24"]
[EventType "swiss"]
[EventRounds "9"]
[EventCountry "CAN"]
[SourceTitle "CBM 006"]
[Source "ChessBase"]
[SourceDate "1988.10.01"]
[SourceVersion "1"]
[SourceVersionDate "1988.10.01"]
[SourceQuality "1"]

1. c4 f5 2. Nf3 e6 3. g3 Nf6 4. Bg2 c6 5. 0-0 d5 6. d4 Bd6 7. b3 0-0 8. Nbd2 Nbd7 9. Bb2 b6 10. a4 a5 11. Ne5 Bb7 12. Ndf3 Qe7 13. e3 Rfc8 14. Rc1 Ba6 15. Re1 Ne4 16. Nxd7 Qxd7 17. Ne5 Qe8 18. f3 Nf6 19. Bf1 Rc7 20. Bd3 Nd7 21. Nxd7 Qxd7 22. e4 Bb4 23. Re2 fxe4 24. fxe4 dxc4 25. bxc4 e5 26. c5 Bxd3 27. Qxd3 bxc5 28. Qc4+ Qf7 29. d5 cxd5 30. exd5 Rf8 31. Bxe5 Rd7 32. Rd1 Re7 33. Bf4 Rxe2 34. Qxe2 Bc3 35. Be3 Re8 36. Qd3 Qf3 37. Bf2 Re1+ 38. Bxe1 Bd4+ 39. Qxd4 cxd4 40. Rxd4 Qf6 41. Bf2 Qd6 42. g4 Kf7 43. Bg3 Qb6 44. Bf2 Qd6 45. Bg3 Qa3 46. Kf2 Qc5 47. Ke3 Ke8 48. d6 Qc3+ 49. Ke4 Kd7 50. Kd5 Qc6+ 51. Ke5 Qf3 52. Rc4 Qe2+ 53. Kd5 Qf3+ 54. Kc5 Qc6+ 55. Kd4 Qb6+ 56. Kd5 Qb3 57. Kd4 Qd1+ 58. Kc3 Qf3+ 59. Kd2 Qd5+ 60. Kc3 Qf3+ 61. Kd2 g5 62. Rc7+ Kd8 63. Rc4 h6 64. Rd4 Kd7 65. Rc4 Qd5+ 66. Kc3 Qd1 67. Rc7+ Kd8 68. Rc4 Qd5 69. Rd4 Qf3+ 70. Kd2 Qf6 71. Kd3 Kd7 72. Rc4 Qf1+ 73. Kc3 Kd8 74. Rd4 Qc1+ 75. Kd3 Qa3+ 76. Kd2 Qb2+ 77. Kd3 Qb3+ 78. Kd2 Kd7 79. Re4 Qa2+ 80. Kc3 Qa1+ 81. Kc2 Qa2+ 82. Kc3 Qa3+ 83. Kd2 Qb2+ 1/2-1/2

[Event "Saint John op-1"]
[Site "Saint John"]
[Date "1988.??.??"]
[Round "?"]
[White "Rodriguez, Daniel Mauricio"]
[Black "Fong, Juan M"]
[Result "1-0"]
[WhiteElo "2465"]
[BlackElo "2220"]
[PlyCount "43"]
[EventDate "1988.01.24"]
[EventType "swiss"]
[EventRounds "9"]
[EventCountry "CAN"]
[SourceTitle "CBM 006"]
[Source "ChessBase"]
[SourceDate "1988.10.01"]
[SourceVersion "1"]
[SourceVersionDate "1988.10.01"]
[SourceQuality "1"]

1. e4 c5 2. Nf3 d6 3. c3 Nf6 4. Be2 g6 5. 0-0 Bg7 6. d3 0-0 7. h3 Nc6 8. Be3 b5 9. Qc1 Re8 10. Bh6 Bh8 11. Ng5 a6 12. Qf4 Ra7 13. Nd2 Bg7 14. Qh4 e6 15. f4 Qe7 16. Bxg7 Kxg7 17. e5 dxe5 18. fxe5 Nxe5 19. Rxf6 Qxf6 20. Rf1 Nf3+ 21. Rxf3 Qe5 22. Qxh7+ 1-0

[Event "Saint John op-1"]
[Site "Saint John"]
[Date "1988.??.??"]
[Round "?"]
[White "Torre, Eugenio"]
[Black "Rodriguez, Daniel Mauricio"]
[Result "1-0"]
[WhiteElo "2545"]
[BlackElo "2465"]
[PlyCount "61"]
[EventDate "1988.01.24"]
[EventType "swiss"]
[EventRounds "9"]
[EventCountry "CAN"]
[SourceTitle "CBM 006"]
[Source "ChessBase"]
[SourceDate "1988.10.01"]
[SourceVersion "1"]
[SourceVersionDate "1988.10.01"]
[SourceQuality "1"]

1. e4 e5 2. Bc4 Nf6 3. d3 c6 4. Nf3 Qc7 5. 0-0 Be7 6. Re1 0-0 7. Bb3 a5 8. c3 b5 9. a4 b4 10. Nbd2 Na6 11. Nc4 d6 12. d4 Nd7 13. Ne3 Bf6 14. Ng4 Be7 15. Bg5 Re8 16. Ne3 Nf6 17. Nc4 Bg4 18. dxe5 Bxf3 19. Qxf3 dxe5 20. cxb4 axb4 21. Ne3 Nc5 22. Nf5 Nxb3 23. Qxb3 Rab8 24. Rac1 Rec8 25. Rxc6 Qa7 26. Bxf6 gxf6 27. Qg3+ Kf8 28. Qg7+ Ke8 29. Qg8+ Kd7 30. Rd6+ Kc7 31. Qxf7 1-0